00437 a2200169 450000500170000001000130001702000260003003500130005603700090006908200060007810000200008424500780010426000370018227000230021930000220024270000030026420240524153010.0 aB-759183 a9789354716621c650.00 aB-759183 bGift aN aTarshis, Lauren aThe Graphic Novel I Survived The Great CHicago Fire 1871/cLauren Tarshis aNew YorkbScholastic Pressc2023 aNew YorkbNew York a158 p.c23 cm(Pb)